| 000 | 00647cad a22002535a 4500 | ||
|---|---|---|---|
| 001 | L159779 | ||
| 008 | 150226s2016 xxk f 000 0 eng d | ||
| 035 | _a(Sirsi) u159779 | ||
| 041 | 0 | _aeng | |
| 100 | 1 |
_aHooper, Brendon _96168 |
|
| 245 | 0 | 0 | _aReady for lift off |
| 260 | _c2016 | ||
| 490 |
_aModus _vMarch 2016, 22-24 (3) |
||
| 520 | _aFocuses on the countries wich present property market ready for investors. | ||
| 590 | _aKA | ||
| 650 | 2 | 4 | _aPROPERTY MARKET |
| 650 | 2 | 4 | _aINVESTORS |
| 651 | 4 | _aMyanmar | |
| 651 | 4 | _aColombia | |
| 651 | 4 | _aTurkmenistan | |
| 651 | 4 | _aPakistan | |
| 690 |
_aInvestments _96250 |
||
| 942 |
_n0 _2ddc |
||
| 999 |
_c84983 _d84983 |
||